Stalin: a political biography

Zapisane w:
Opis bibliograficzny
1. autor: Deutscher, Isaac (Autor)
Format: Książka
Język:angielski
Wydane: Londres Oxford University 1967
Wydanie:2a. ed
Hasła przedmiotowe:
Etykiety: Dodaj etykietę
Nie ma etykietki, Dołącz pierwszą etykiete!

MARC

LEADER 00000nam a2200000 a 4500
001 UCZ3306
003 CL-VaPUC
008 951020e19670000UK |||||||||||||||||eng|d
082 0 4 |a 923  |b DEU  |2 21 
100 0 |a Deutscher, Isaac  |e author  |9 347079 
245 1 0 |a Stalin: a political biography 
250 |a 2a. ed 
300 |a 661 p 
942 |c BK 
945 |d 19951020 00:00:00  |a cmena 
260 |a Londres  |b Oxford University  |c 1967 
600 0 7 |a STALIN, JOSEPH  |2 CL-VaPUC  |9 313919 
650 0 |a Biografías  |9 255210 
650 7 |a SISTEMAS POLITICOS  |2 CL-VaPUC  |9 347080 
650 0 |a Doctrinas políticas  |9 255835 
583 |a last modification  |c 19951020 00:00:00  |k Rodrigo Vera 
999 |c 239792  |d 239790 
952 |0 0  |1 0  |4 0  |6 923_000000000000000_DEU_1967  |7 0  |8 P  |9 251188  |a BIBEDU  |b BIBEDU  |c BIBEDU_PB  |d 2019-11-18  |i 158524K  |o 923 DEU 1967  |p 158524K  |r 2024-01-25  |w 2019-11-18  |y BK  |k FIL